| 000 | 00713nam a2200217 a 4500 | ||
|---|---|---|---|
| 999 |
_c3262 _d3262 |
||
| 001 | 3262 | ||
| 003 | BD-JhCC | ||
| 005 | 20171112184618.0 | ||
| 008 | 171112s19841986ii |||| ||a| 000 0 ben d | ||
| 035 | _a(BD-JhCC)3262 | ||
| 040 |
_aBD-JhCC _dBD-JhCC |
||
| 041 | _aben | ||
| 082 |
_a891.4435 _bGON 1986 |
||
| 100 | _aগঙ্গোপাধ্যায়, সুনীল | ||
| 245 |
_aবরণীয় মানুষ : স্মরণীয় বিচার / _cসুনীল গঙ্গোপাধ্যায়, |
||
| 260 |
_aকলিকাতা : _bদে'জ পাবলিশিং, _c1984 |
||
| 300 |
_a144 p. : _c20 cm. |
||
| 650 | _aShort Stories | ||
| 942 |
_2ddc _cBK |
||